000 00418nam a22001217a 4500
040 _cSK
082 _a576
100 _aCHAN SARUN
245 _aការវិភាគលើមុខរបរ និងការប្រើប្រាស់ធនធានមនុស្សក្នុងវិស័យកសិកម្មនៅកម្ពុជា
260 _aRUA
_bCHA
_c1997
300 _a147p.
942 _cKB
999 _c10352
_d10352